[Event "SWE-chT2 1112"]
[Site "Sweden"]
[Date "2012.03.09"]
[Round "7"]
[White "Livner, Anders"]
[Black "Sjoberg, Mats"]
[Result "1/2-1/2"]
[WhiteElo "2343"]
[BlackElo "2337"]
[PlyCount "72"]
[EventDate "2011.10.22"]
[EventType "team-tourn"]
[EventRounds "9"]
[EventCountry "SWE"]
[SourceTitle "EXT 2013"]
[Source "ChessBase"]
[SourceDate "2012.11.22"]
[SourceVersion "1"]
[SourceVersionDate "2012.11.22"]
[SourceQuality "1"]
[WhiteTeam "Farsta"]
[BlackTeam "Sodra"]
[WhiteTeamCountry "SWE"]
[BlackTeamCountry "SWE"]

1. d4 Nf6 2. c4 e6 3. Nf3 Bb4+ 4. Nbd2 0-0 5. e3 Re8 6. Bd3 d6 7. a3 Bxd2+ 8. Qxd2 Nc6 9. Bc2 a5 10. b3 Rb8 11. Qc3 Bd7 12. 0-0 b5 13. e4 b4 14. axb4 axb4 15. Qe3 e5 16. d5 Ne7 17. Ne1 Ng6 18. Nd3 c6 19. dxc6 Bxc6 20. f3 Nh5 21. g3 f5 22. exf5 Ne7 23. Ne1 Bd7 24. g4 Nf4 25. Ng2 Nh3+ 26. Kh1 Nc6 27. Bb2 Nd4 28. Bxd4 exd4 29. Qxd4 Re2 30. Be4 Qb6 31. Bd5+ Kf8 32. Qxb6 Rxb6 33. Rfe1 Nf2+ 34. Kg1 Nh3+ 35. Kh1 Nf2+ 36. Kg1 Nh3+ 1/2-1/2

[Event "SWE-chT2 0910"]
[Site "Sweden"]
[Date "2010.03.14"]
[Round "9"]
[White "Sjoberg, Mats"]
[Black "Svensson, Sven"]
[Result "1-0"]
[WhiteElo "2340"]
[BlackElo "2238"]
[PlyCount "55"]
[EventDate "2009.10.24"]
[EventType "team"]
[EventRounds "9"]
[EventCountry "SWE"]
[SourceTitle "EXT 2011"]
[Source "ChessBase"]
[SourceDate "2010.11.26"]
[SourceVersion "1"]
[SourceVersionDate "2010.11.26"]
[SourceQuality "1"]
[WhiteTeam "Sodra"]
[BlackTeam "Mark"]
[WhiteTeamCountry "SWE"]
[BlackTeamCountry "SWE"]

1. d4 Nf6 2. Nf3 e6 3. c4 Bb4+ 4. Bd2 Qe7 5. e3 0-0 6. Bd3 Bxd2+ 7. Nfxd2 d6 8. Nc3 e5 9. d5 a5 10. a3 Na6 11. b4 axb4 12. axb4 Bg4 13. Qb1 Nxb4 14. Bxh7+ Nxh7 15. Rxa8 Rxa8 16. Qxb4 Ra1+ 17. Ncb1 b6 18. 0-0 Qe8 19. Nc3 Qa8 20. c5 Qa3 21. Qxg4 Qxc3 22. Qc8+ Nf8 23. cxb6 Qxd2 24. Rxa1 cxb6 25. h3 b5 26. Ra8 b4 27. Qxf8+ Kh7 28. Qxf7 1-0

[Event "SWE-chT2 0910"]
[Site "Sweden"]
[Date "2010.03.12"]
[Round "7"]
[White "Sjoberg, Mats"]
[Black "Arnelind, Mikael"]
[Result "1/2-1/2"]
[WhiteElo "2340"]
[BlackElo "2181"]
[PlyCount "66"]
[EventDate "2009.10.24"]
[EventType "team"]
[EventRounds "9"]
[EventCountry "SWE"]
[SourceTitle "EXT 2011"]
[Source "ChessBase"]
[SourceDate "2010.11.26"]
[SourceVersion "1"]
[SourceVersionDate "2010.11.26"]
[SourceQuality "1"]
[WhiteTeam "Sodra"]
[BlackTeam "Orgryte"]
[WhiteTeamCountry "SWE"]
[BlackTeamCountry "SWE"]

1. d4 Nf6 2. Nf3 e6 3. c4 b6 4. Nc3 Bb7 5. e3 Bb4 6. Qb3 Be7 7. Bd3 0-0 8. e4 d5 9. cxd5 exd5 10. e5 Ne8 11. Qc2 g6 12. h4 Qd7 13. h5 Qg4 14. Rh2 Ng7 15. Bh6 Nxh5 16. 0-0-0 Rd8 17. Qd2 Ba6 18. Bc2 Nc6 19. Ne1 Qe6 20. Bg5 f6 21. exf6 Nxf6 22. Nf3 Qf7 23. Bxf6 Bxf6 24. Rdh1 Nb4 25. Rxh7 Qxh7 26. Rxh7 Kxh7 27. Ng5+ Bxg5 28. Qxg5 Nxc2 29. Nxd5 Bd3 30. Qe7+ Kh6 31. Qh4+ Kg7 32. Qe7+ Kh6 33. Qh4+ Kg7 1/2-1/2

[Event "Stockholm Salongernas Elo Gr 1"]
[Site "Stockholm"]
[Date "2008.07.10"]
[Round "4"]
[White "Sjoberg, Mats"]
[Black "Johansson, Gunnar"]
[Result "1-0"]
[WhiteElo "2343"]
[BlackElo "2268"]
[PlyCount "75"]
[EventDate "2008.07.06"]
[EventType "tourn"]
[EventRounds "9"]
[EventCountry "SWE"]
[SourceTitle "EXT 2024"]
[Source "ChessBase"]
[SourceDate "2023.10.10"]
[SourceVersion "1"]
[SourceVersionDate "2023.10.10"]
[SourceQuality "1"]

1. c4 c6 2. b3 d5 3. Bb2 Nf6 4. Nf3 Bg4 5. e3 Nbd7 6. Be2 e6 7. 0-0 Bd6 8. d3 0-0 9. Nbd2 Qe7 10. a3 a5 11. Nd4 Bxe2 12. Qxe2 Rfe8 13. N2f3 Qf8 14. e4 e5 15. Nf5 d4 16. Bc1 Nc5 17. Rb1 Ne6 18. g3 Nd7 19. Nxd6 Qxd6 20. Nh4 f6 21. f4 Qc7 22. Bd2 Qd6 23. Bc1 Qc7 24. Nf5 b6 25. Bd2 Ndc5 26. fxe5 fxe5 27. b4 axb4 28. axb4 Nb7 29. b5 c5 30. Ra1 Nd6 31. Ra6 Rxa6 32. bxa6 Ra8 33. Qg4 Re8 34. Nh6+ Kh8 35. Qxe6 gxh6 36. Bxh6 Qd8 37. Qxe8+ Qxe8 38. a7 1-0

[Event "SWE-chT 0506"]
[Site "Sweden"]
[Date "2006.??.??"]
[Round "11"]
[White "Sjoberg, Mats"]
[Black "Gausel, Einar"]
[Result "1/2-1/2"]
[WhiteElo "2398"]
[BlackElo "2563"]
[PlyCount "55"]
[EventDate "2005.10.??"]
[EventType "team"]
[EventRounds "11"]
[EventCountry "SWE"]
[SourceTitle "EXT 2008"]
[Source "ChessBase"]
[SourceDate "2007.11.25"]
[SourceVersion "1"]
[SourceVersionDate "2007.11.25"]
[SourceQuality "1"]
[WhiteTeam "Sodra"]
[BlackTeam "Skara"]
[WhiteTeamCountry "SWE"]
[BlackTeamCountry "SWE"]

1. d4 Nf6 2. Nf3 d5 3. c4 c6 4. Nc3 e6 5. Qb3 dxc4 6. Qxc4 b5 7. Qb3 Nbd7 8. Bg5 Be7 9. e3 0-0 10. Be2 Bb7 11. 0-0 a6 12. Bxf6 gxf6 13. e4 c5 14. d5 Qb6 15. Rad1 Rad8 16. Qc2 Kh8 17. a4 b4 18. Nb1 Ne5 19. Nxe5 fxe5 20. Bc4 Bg5 21. Nd2 exd5 22. Bxd5 Bxd5 23. exd5 Bxd2 24. Rxd2 Qd6 25. Rc1 Rc8 26. Qf5 c4 27. Rdc2 Qxd5 28. Qf6+ 1/2-1/2

[Event "SWE-chT 0405"]
[Site "Sweden"]
[Date "2005.??.??"]
[Round "7"]
[White "Sjoberg, Mats"]
[Black "Astrom, Goran"]
[Result "1/2-1/2"]
[WhiteElo "2401"]
[BlackElo "2325"]
[PlyCount "60"]
[EventDate "2004.11.05"]
[EventType "team"]
[EventRounds "11"]
[EventCountry "SWE"]
[SourceTitle "EXT 2006"]
[Source "ChessBase"]
[SourceDate "2005.11.24"]
[SourceVersion "1"]
[SourceVersionDate "2005.11.24"]
[SourceQuality "1"]
[WhiteTeam "Sodra"]
[BlackTeam "Wasa"]
[WhiteTeamCountry "SWE"]
[BlackTeamCountry "SWE"]

1. d4 Nf6 2. c4 e6 3. Nf3 b6 4. Nc3 Bb7 5. Bg5 Bb4 6. Qb3 c5 7. e3 h6 8. Bh4 g5 9. Bg3 Ne4 10. Bd3 Bxc3+ 11. bxc3 Nxg3 12. hxg3 Qe7 13. d5 d6 14. 0-0-0 Nd7 15. dxe6 fxe6 16. Bg6+ Kd8 17. Rd2 Kc7 18. Rhd1 Nf8 19. Qc2 Nxg6 20. Qxg6 Rag8 21. Qc2 Rd8 22. e4 Qh7 23. e5 Qxc2+ 24. Kxc2 dxe5 25. Nxe5 Rxd2+ 26. Rxd2 Bc6 27. Kd1 Rf8 28. Ke2 Rf5 29. Nxc6 Kxc6 30. Rd8 Re5+ 1/2-1/2

[Event "Rilton Cup 33rd"]
[Site "Stockholm"]
[Date "2004.01.05"]
[Round "9"]
[White "Sjoberg, Mats"]
[Black "Hillarp Persson, Tiger"]
[Result "1-0"]
[WhiteElo "2329"]
[BlackElo "2512"]
[PlyCount "119"]
[EventDate "2003.12.27"]
[EventType "swiss"]
[EventRounds "9"]
[EventCountry "SWE"]
[SourceTitle "CBM 097 Extra"]
[Source "ChessBase"]
[SourceDate "2004.01.13"]
[SourceVersion "1"]
[SourceVersionDate "2004.01.13"]
[SourceQuality "1"]

1. d4 e6 2. Nf3 f5 3. g3 Nf6 4. Bg2 d5 5. 0-0 Bd6 6. Bg5 c6 7. c4 Nbd7 8. Qc2 h6 9. Bf4 Bxf4 10. gxf4 Ne4 11. Ne5 g5 12. f3 Nd6 13. Nd2 gxf4 14. Ng6 Qf6 15. Nxh8 Qxd4+ 16. Kh1 Qxh8 17. cxd5 exd5 18. Rad1 Qe5 19. Rfe1 Nf8 20. Nf1 d4 21. e3 fxe3 22. Qd3 Ne6 23. Nxe3 dxe3 24. f4 Qxf4 25. Rxe3 Nf7 26. Rf1 Qg5 27. Rxf5 Qe7 28. Bf3 Qd6 29. Qc3 Bd7 30. Qf6 Qe7 31. Bh5 Qxf6 32. Rxf6 0-0-0 33. Rxf7 Ng5 34. Rg7 c5 35. h4 Bc6+ 36. Kg1 Ne4 37. Bf3 Rd4 38. Bxe4 Bxe4 39. Rg4 Rd1+ 40. Kf2 Bc6 41. Re7 Bd7 42. Rg8+ Kc7 43. Rg6 h5 44. Rh7 Rd4 45. Rxh5 Bc6 46. Ke3 Kb6 47. Rh8 a5 48. h5 Re4+ 49. Kd3 Rh4 50. h6 Kb5 51. Rg7 Rh3+ 52. Kd2 Rh2+ 53. Ke3 Rh3+ 54. Kf4 Rf3+ 55. Kg5 Rf1 56. h7 Rg1+ 57. Kf6 Rf1+ 58. Ke5 Re1+ 59. Kf4 Re4+ 60. Kf5 1-0

[Event "SWE-chT 0102"]
[Site "Sweden"]
[Date "2001.12.08"]
[Round "5"]
[White "Brontz, Alexander"]
[Black "Sjoberg, Mats"]
[Result "0-1"]
[WhiteElo "2222"]
[BlackElo "2363"]
[PlyCount "68"]
[EventDate "2001.10.12"]
[EventType "team"]
[EventRounds "11"]
[EventCountry "SWE"]
[SourceTitle "EXT 2003"]
[Source "ChessBase"]
[SourceDate "2002.11.25"]
[SourceVersion "1"]
[SourceVersionDate "2002.11.25"]
[SourceQuality "1"]
[WhiteTeam "Farsta"]
[BlackTeam "Stockholm Rockaden"]
[WhiteTeamCountry "SWE"]
[BlackTeamCountry "SWE"]

1. d4 Nf6 2. c4 e6 3. Nc3 Bb4 4. Qc2 0-0 5. e3 b6 6. Bd3 Bb7 7. f3 d5 8. Nge2 c5 9. a3 cxd4 10. axb4 dxc3 11. b3 dxc4 12. bxc4 Nc6 13. Ba3 Ne5 14. Rd1 Qc7 15. Qxc3 Rac8 16. c5 Nd5 17. Qb3 bxc5 18. bxc5 Nxd3+ 19. Rxd3 Ba6 20. Rd2 Rb8 21. Qc2 Nxe3 22. Qc3 Nd5 23. Qd4 Bxe2 24. Kxe2 Nf4+ 25. Kf2 Rfd8 26. Qc3 Rxd2+ 27. Qxd2 Rd8 28. Qc3 Rd3 29. Qb4 a5 30. Qc4 Rd2+ 31. Kf1 h6 32. Bc1 Rd1+ 33. Kf2 Qxc5+ 34. Be3 Rd2+ 0-1

[Event "SWE-chT 0102"]
[Site "Sweden"]
[Date "2001.10.12"]
[Round "1"]
[White "Lindgren, Fredrik"]
[Black "Sjoberg, Mats"]
[Result "1/2-1/2"]
[WhiteElo "2277"]
[BlackElo "2363"]
[PlyCount "76"]
[EventDate "2001.10.12"]
[EventType "team"]
[EventRounds "11"]
[EventCountry "SWE"]
[SourceTitle "EXT 2003"]
[Source "ChessBase"]
[SourceDate "2002.11.25"]
[SourceVersion "1"]
[SourceVersionDate "2002.11.25"]
[SourceQuality "1"]
[WhiteTeam "Norrkoping Schack 08"]
[BlackTeam "Stockholm Rockaden"]
[WhiteTeamCountry "SWE"]
[BlackTeamCountry "SWE"]

1. d4 Nf6 2. c4 e6 3. g3 Bb4+ 4. Nd2 d5 5. a3 Be7 6. Bg2 0-0 7. Ngf3 b6 8. Ne5 Bb7 9. 0-0 Qc8 10. Ndf3 dxc4 11. Nxc4 Bd5 12. Nce5 Nbd7 13. Bg5 h6 14. Nxd7 Qxd7 15. Ne5 Qb5 16. Bxf6 Bxf6 17. a4 Qe8 18. Ng4 Be7 19. Bxd5 exd5 20. Qb3 c5 21. Ne3 cxd4 22. Nxd5 Bd6 23. e3 dxe3 24. Nxe3 Rd8 25. Rad1 Qc6 26. Nf5 Rfe8 27. Nxd6 Rxd6 28. Rxd6 Qxd6 29. Rd1 Qf6 30. Qb5 Re4 31. b3 g6 32. Qd5 Qf3 33. Rf1 Kg7 34. a5 bxa5 35. Qxa5 Qxb3 36. Qxa7 Qf3 37. Qa1+ Qf6 38. Qxf6+ Kxf6 1/2-1/2

[Event "EU-Cup 17th"]
[Site "Panormo"]
[Date "2001.09.28"]
[Round "6.5"]
[White "Sjoberg, Mats"]
[Black "Hutters, Tomas"]
[Result "1/2-1/2"]
[WhiteElo "2349"]
[BlackElo "2390"]
[PlyCount "86"]
[EventDate "2001.09.22"]
[EventType "team-swiss"]
[EventRounds "7"]
[EventCountry "GRE"]
[SourceTitle "CBM 084 Extra"]
[Source "ChessBase"]
[SourceDate "2001.10.26"]
[SourceVersion "1"]
[SourceVersionDate "2001.10.26"]
[SourceQuality "1"]
[WhiteTeam "Stockholm Rockaden"]
[BlackTeam "Helsinge"]
[WhiteTeamCountry "SWE"]
[BlackTeamCountry "DEN"]

1. d4 Nf6 2. c4 g6 3. Nc3 Bg7 4. e4 d6 5. Be2 0-0 6. Bg5 h6 7. Be3 c5 8. d5 e6 9. Qd2 exd5 10. exd5 Kh7 11. h3 Re8 12. Bd3 Na6 13. Nf3 Nb4 14. Bb1 Bf5 15. a3 Bxb1 16. Rxb1 Na6 17. 0-0 Ne4 18. Nxe4 Rxe4 19. Qd3 Re7 20. b4 b6 21. bxc5 Nxc5 22. Qc2 Nd7 23. Nd4 Ne5 24. Bf4 Qe8 25. Rfe1 Nxc4 26. Rxe7 Qxe7 27. Nc6 Nxa3 28. Qd3 Qf6 29. Rb4 a5 30. Re4 Qc3 31. Qe2 Qc2 32. Qf3 Qc3 33. Qxc3 Bxc3 34. Bxd6 Nb5 35. Bb8 Bf6 36. d6 Rxb8 37. Nxb8 Nxd6 38. Ra4 Kg7 39. Nd7 Bd8 40. Rd4 Bc7 41. Kf1 b5 42. Ke2 a4 43. Kd3 h5 1/2-1/2

[Event "EU-Cup 17th"]
[Site "Panormo"]
[Date "2001.09.27"]
[Round "5.5"]
[White "Petran, Peter"]
[Black "Sjoberg, Mats"]
[Result "0-1"]
[WhiteElo "2364"]
[BlackElo "2349"]
[PlyCount "76"]
[EventDate "2001.09.22"]
[EventType "team-swiss"]
[EventRounds "7"]
[EventCountry "GRE"]
[SourceTitle "CBM 084 Extra"]
[Source "ChessBase"]
[SourceDate "2001.10.26"]
[SourceVersion "1"]
[SourceVersionDate "2001.10.26"]
[SourceQuality "1"]
[WhiteTeam "Bratislava Slovan"]
[BlackTeam "Stockholm Rockaden"]
[WhiteTeamCountry "SVK"]
[BlackTeamCountry "SWE"]

1. g3 c5 2. Bg2 Nf6 3. e4 Nc6 4. Nc3 d6 5. d3 g6 6. f4 Bg7 7. Nf3 Bg4 8. 0-0 Nd4 9. Be3 Nd7 10. Qd2 Bxf3 11. Bxf3 b5 12. Bg2 0-0 13. e5 Rb8 14. exd6 exd6 15. g4 Qa5 16. f5 Rbe8 17. Rae1 Qb4 18. Nd5 Qxd2 19. Bxd2 Rxe1 20. Bxe1 Nxc2 21. Bc3 Bd4+ 22. Bxd4 Nxd4 23. Be4 Ne5 24. h3 gxf5 25. gxf5 Kh8 26. Kf2 Rg8 27. Ne7 Re8 28. f6 Nd7 29. Nd5 Rg8 30. Ke1 Ne5 31. Rf4 Rg3 32. Ne7 Rxd3 33. Bxh7 Ndf3+ 34. Ke2 Kxh7 35. Kf2 Rd4 36. Rf5 Rh4 37. Kg3 Rh6 38. Nd5 Kg6 0-1

[Event "EU-Cup 17th"]
[Site "Panormo"]
[Date "2001.09.26"]
[Round "4.5"]
[White "Sjoberg, Mats"]
[Black "Dzjuba, Vsevolod"]
[Result "1-0"]
[WhiteElo "2349"]
[BlackElo "2273"]
[PlyCount "55"]
[EventDate "2001.09.22"]
[EventType "team-swiss"]
[EventRounds "7"]
[EventCountry "GRE"]
[SourceTitle "CBM 084 Extra"]
[Source "ChessBase"]
[SourceDate "2001.10.26"]
[SourceVersion "1"]
[SourceVersionDate "2001.10.26"]
[SourceQuality "1"]
[WhiteTeam "Stockholm Rockaden"]
[BlackTeam "Riga"]
[WhiteTeamCountry "SWE"]
[BlackTeamCountry "LAT"]

1. d4 Nf6 2. c4 g6 3. Nc3 Bg7 4. e4 d6 5. Be2 0-0 6. Bg5 Na6 7. Qd2 e5 8. d5 Nc5 9. f3 h6 10. Be3 Nh5 11. g3 Kh7 12. 0-0-0 a5 13. Re1 f5 14. exf5 gxf5 15. f4 Nf6 16. Bxc5 dxc5 17. fxe5 Ne4 18. Nxe4 fxe4 19. e6 a4 20. Qc2 Qf6 21. Qxe4+ Kg8 22. Bd3 Qxb2+ 23. Kd1 Qa1+ 24. Bb1 Bxe6 25. Qh7+ Kf7 26. Rxe6 Ra6 27. Qg6+ Kg8 28. Ne2 1-0

[Event "SWE-chT 0001"]
[Site "Sweden"]
[Date "2001.01.20"]
[Round "6"]
[White "Sjoberg, Mats"]
[Black "Nystrom, Ragnar"]
[Result "1-0"]
[WhiteElo "2382"]
[BlackElo "2105"]
[PlyCount "109"]
[EventDate "2000.10.13"]
[EventType "team"]
[EventRounds "11"]
[EventCountry "SWE"]
[SourceTitle "EXT 2006"]
[Source "ChessBase"]
[SourceDate "2005.11.24"]
[SourceVersion "1"]
[SourceVersionDate "2005.11.24"]
[SourceQuality "1"]
[WhiteTeam "Stockholm Rockaden"]
[BlackTeam "Wasa"]
[WhiteTeamCountry "SWE"]
[BlackTeamCountry "SWE"]

1. d4 e6 2. c4 Nf6 3. Nf3 d5 4. Nc3 Be7 5. Bg5 h6 6. Bh4 0-0 7. e3 Ne4 8. Bxe7 Qxe7 9. Qc2 Nxc3 10. Qxc3 c6 11. Bd3 Nd7 12. cxd5 exd5 13. b4 a6 14. 0-0 Nf6 15. Rab1 Ne4 16. Qc2 Nd6 17. Ne5 Qf6 18. a4 Re8 19. b5 axb5 20. axb5 cxb5 21. Qc5 Rd8 22. Bxb5 Bf5 23. Bd3 Be4 24. Rb6 Qg5 25. Bxe4 Nxe4 26. Qc7 Rf8 27. Qxb7 Nd2 28. Rd1 Ra2 29. Qxd5 Rc2 30. Rb7 Qf5 31. Qd7 Qf6 32. Rc7 Rb2 33. Qg4 Qb6 34. Rc6 Qb3 35. h4 Ne4 36. Rc8 Nxf2 37. Rxf8+ Kxf8 38. Qc8+ Ke7 39. Qd7+ Kf6 40. Qd6+ Qe6 41. Qd8+ Qe7 42. Ng4+ Nxg4 43. Rf1+ Nf2 44. Rxf2+ Rxf2 45. Qxe7+ Kxe7 46. Kxf2 Ke6 47. e4 Kd6 48. Kf3 Ke6 49. Kf4 Kf6 50. d5 Ke7 51. e5 Kd7 52. h5 Ke7 53. Kf5 Kd7 54. e6+ fxe6+ 55. dxe6+ 1-0

[Event "Rilton Cup 30th"]
[Site "Stockholm"]
[Date "2000.12.31"]
[Round "5"]
[White "Ramaswamy, Aarthie"]
[Black "Sjoberg, Mats"]
[Result "1-0"]
[WhiteElo "2319"]
[BlackElo "2357"]
[PlyCount "79"]
[EventDate "2000.12.27"]
[EventType "swiss"]
[EventRounds "9"]
[EventCountry "SWE"]
[SourceTitle "CBM 079 Extra"]
[Source "ChessBase"]
[SourceDate "2001.01.11"]
[SourceVersion "2"]
[SourceVersionDate "2001.01.25"]
[SourceQuality "1"]

1. e4 c5 2. Nf3 e6 3. d4 cxd4 4. Nxd4 Nc6 5. Nc3 Qc7 6. Be2 a6 7. 0-0 Nf6 8. Kh1 Nxd4 9. Qxd4 Bc5 10. Qd3 Be7 11. f4 d6 12. Qg3 0-0 13. Be3 Bd7 14. Rad1 Bc6 15. Bd4 b5 16. a3 Rad8 17. Rfe1 Rfe8 18. Bf3 g6 19. f5 e5 20. Be3 Kg7 21. Re2 a5 22. Bg5 b4 23. Nd5 Nxd5 24. exd5 Bb5 25. Rf2 Bxg5 26. Qxg5 f6 27. Qg4 Bd7 28. Be4 Kh8 29. axb4 axb4 30. Qh4 g5 31. Qg4 Kg7 32. h4 Rg8 33. hxg5 Kh8 34. Qh4 fxg5 35. Qh6 Bb5 36. f6 Qf7 37. Re1 Bd7 38. Rd1 g4 39. Bf5 Bxf5 40. Rxf5 1-0

[Event "Rilton Cup 30th"]
[Site "Stockholm"]
[Date "2000.12.28"]
[Round "2"]
[White "Ivanov, Sergey"]
[Black "Sjoberg, Mats"]
[Result "1-0"]
[WhiteElo "2574"]
[BlackElo "2357"]
[PlyCount "57"]
[EventDate "2000.12.27"]
[EventType "swiss"]
[EventRounds "9"]
[EventCountry "SWE"]
[SourceTitle "CBM 079 Extra"]
[Source "ChessBase"]
[SourceDate "2001.01.11"]
[SourceVersion "2"]
[SourceVersionDate "2001.01.25"]
[SourceQuality "1"]

1. d4 Nf6 2. c4 e6 3. Nf3 Bb4+ 4. Nbd2 b6 5. a3 Bxd2+ 6. Qxd2 d6 7. e3 Bb7 8. Be2 Nbd7 9. 0-0 0-0 10. b4 Qe7 11. Bb2 Ne4 12. Qc2 f5 13. Rfd1 Ndf6 14. h3 c5 15. bxc5 bxc5 16. Rab1 Rad8 17. d5 e5 18. Nh2 Bc8 19. Nf1 f4 20. exf4 exf4 21. Bd3 Rde8 22. Re1 Qf7 23. Rbc1 f3 24. Rxe4 fxg2 25. Ng3 Nxe4 26. Bxe4 Rxe4 27. Nxe4 Qf4 28. Qc3 Rf7 29. Re1 1-0

[Event "SWE-chT 0001"]
[Site "Sweden"]
[Date "2000.12.09"]
[Round "5"]
[White "Sjoberg, Mats"]
[Black "Kostelac, Robert"]
[Result "1/2-1/2"]
[WhiteElo "2381"]
[BlackElo "2203"]
[PlyCount "101"]
[EventDate "2000.10.13"]
[EventType "team"]
[EventRounds "11"]
[EventCountry "SWE"]
[SourceTitle "EXT 2006"]
[Source "ChessBase"]
[SourceDate "2005.11.24"]
[SourceVersion "1"]
[SourceVersionDate "2005.11.24"]
[SourceQuality "1"]
[WhiteTeam "Stockholm Rockaden"]
[BlackTeam "Vaesteras "]
[WhiteTeamCountry "SWE"]
[BlackTeamCountry "SWE"]

1. d4 Nf6 2. c4 g6 3. Nc3 Bg7 4. e4 d6 5. Be2 0-0 6. Bg5 h6 7. Be3 e5 8. d5 Ne8 9. Qd2 Kh7 10. g4 c5 11. h4 Nd7 12. h5 g5 13. Bd3 Bf6 14. Nge2 Qc7 15. Ng3 Bd8 16. 0-0 Ndf6 17. f3 Qe7 18. a3 Ba5 19. b4 Bb6 20. Na4 Qc7 21. bxc5 Bxc5 22. Nxc5 dxc5 23. Qc3 Ng8 24. a4 a5 25. Rfb1 Ra6 26. Rb5 b6 27. Rb3 Bd7 28. Qb2 Ne7 29. Bd2 Nc8 30. Bc3 f6 31. Nf1 Rf7 32. Ne3 Qd6 33. Nf5 Bxf5 34. exf5 Re7 35. Be4 Kg7 36. Be1 Raa7 37. Rb1 Ra6 38. Bf2 Rc7 39. Rd3 Raa7 40. Rb3 Ra6 41. Re1 Re7 42. Rbe3 Raa7 43. Rb3 Ra6 44. Qa3 Rc7 45. Kg2 Raa7 46. Rb2 Ra6 47. Bb1 Raa7 48. Rbe2 Re7 49. Bg3 Kg8 50. Qc3 Qd8 51. Qd3 1/2-1/2

[Event "SWE-chT 0001"]
[Site "Sweden"]
[Date "2000.10.14"]
[Round "2"]
[White "Grujic, Matej"]
[Black "Sjoberg, Mats"]
[Result "1/2-1/2"]
[WhiteElo "2291"]
[BlackElo "2357"]
[PlyCount "89"]
[EventDate "2000.10.13"]
[EventType "team"]
[EventRounds "11"]
[EventCountry "SWE"]
[SourceTitle "EXT 2006"]
[Source "ChessBase"]
[SourceDate "2005.11.24"]
[SourceVersion "1"]
[SourceVersionDate "2005.11.24"]
[SourceQuality "1"]
[WhiteTeam "Kirsebergs"]
[BlackTeam "Stockholm Rockaden"]
[WhiteTeamCountry "SWE"]
[BlackTeamCountry "SWE"]

1. d4 Nf6 2. Nf3 e6 3. Nc3 d5 4. Bf4 Be7 5. e3 0-0 6. h3 b6 7. g4 Bb7 8. Bg2 c5 9. 0-0 Nc6 10. Ne5 Nd7 11. Nxc6 Bxc6 12. e4 dxe4 13. Nxe4 Rc8 14. dxc5 bxc5 15. c4 Qb6 16. Qe2 Nf6 17. Be5 Nxe4 18. Bxe4 Bxe4 19. Qxe4 f5 20. Qe2 fxg4 21. hxg4 Bf6 22. Rad1 Rcd8 23. b3 h6 24. Qe4 a5 25. Bxf6 Rxf6 26. Rfe1 Rdf8 27. Rd2 a4 28. Re3 axb3 29. axb3 Kh8 30. g5 Rf4 31. Qxe6 Qxe6 32. Rxe6 Rg4+ 33. Kf1 Rxg5 34. Rd5 Rxd5 35. cxd5 Rd8 36. d6 Kg8 37. f4 Kf7 38. f5 Rb8 39. d7 Rd8 40. Rc6 Ke7 41. Rxc5 Rxd7 42. b4 Rb7 43. b5 Kd6 44. Rc6+ Ke5 45. b6 1/2-1/2

[Event "SWE-chT 0001"]
[Site "Sweden"]
[Date "2000.10.13"]
[Round "1"]
[White "Andersson, Goran"]
[Black "Sjoberg, Mats"]
[Result "0-1"]
[WhiteElo "2255"]
[BlackElo "2381"]
[PlyCount "104"]
[EventDate "2000.10.13"]
[EventType "team"]
[EventRounds "11"]
[EventCountry "SWE"]
[SourceTitle "EXT 2006"]
[Source "ChessBase"]
[SourceDate "2005.11.24"]
[SourceVersion "1"]
[SourceVersionDate "2005.11.24"]
[SourceQuality "1"]
[WhiteTeam "Skara"]
[BlackTeam "Stockholm Rockaden"]
[WhiteTeamCountry "SWE"]
[BlackTeamCountry "SWE"]

1. e4 c5 2. f4 d5 3. exd5 Qxd5 4. Nc3 Qd8 5. Nf3 Nf6 6. Ne5 e6 7. b3 Be7 8. Bb2 0-0 9. Qf3 Nd5 10. 0-0-0 f6 11. Nc4 Nc6 12. Ne3 Nd4 13. Qf2 Nb4 14. g4 Bd7 15. a3 Nbc6 16. h4 Rb8 17. f5 Ne5 18. Rg1 b5 19. Ne4 a5 20. Rg3 Kh8 21. Kb1 Qc8 22. Bh3 Nxg4 23. Bxg4 exf5 24. Bxd4 fxg4 25. Bb2 f5 26. Ng5 f4 27. Rgg1 fxe3 28. Qxe3 Bf6 29. Rgf1 Bxb2 30. Kxb2 c4 31. Qe7 Re8 32. Qf7 Be6 33. Qf4 Bg8 34. Rde1 b4 35. a4 c3+ 36. Kb1 cxd2 37. Qxd2 Qc5 38. Qd3 h6 39. Ne4 Qe7 40. Qd6 Rbd8 41. Qxe7 Rxe7 42. Ng3 Rc7 43. Rd1 Rdc8 44. Rd2 Bh7 45. Nf5 Rf7 46. Ne3 Rxf1+ 47. Nxf1 Rf8 48. Ne3 g3 49. Kb2 Be4 50. Re2 Rf2 51. Re1 g2 52. Kc1 Bxc2 0-1

[Event "Stockholm IM"]
[Site "Stockholm"]
[Date "2000.06.18"]
[Round "9"]
[White "Ahlander, Bjorn"]
[Black "Sjoberg, Mats"]
[Result "1-0"]
[WhiteElo "2434"]
[BlackElo "2352"]
[PlyCount "57"]
[EventDate "2000.06.10"]
[EventType "tourn"]
[EventRounds "9"]
[EventCountry "SWE"]
[EventCategory "4"]
[SourceTitle "CBM 076 Extra"]
[Source "ChessBase"]
[SourceDate "2000.07.11"]
[SourceVersion "1"]
[SourceVersionDate "2000.07.11"]
[SourceQuality "1"]

1. d4 Nf6 2. c4 d6 3. Nc3 e5 4. e4 c6 5. Nf3 Qc7 6. Be2 Be7 7. 0-0 Bg4 8. Be3 Nbd7 9. h3 Bh5 10. Nd2 Bg6 11. f4 exf4 12. Bxf4 Qb6 13. c5 dxc5 14. Nc4 Qd8 15. d5 cxd5 16. exd5 Ne4 17. Nxe4 Bxe4 18. Bc7 Qxc7 19. d6 Qc6 20. dxe7 Kxe7 21. Qb3 f6 22. Rad1 Bd5 23. Qg3 Rhf8 24. Rfe1 Kf7 25. Nd6+ Kg8 26. Rxd5 Ne5 27. Red1 Kh8 28. h4 g6 29. Rxe5 1-0

[Event "Stockholm IM"]
[Site "Stockholm"]
[Date "2000.06.12"]
[Round "3"]
[White "Eriksson, Johan"]
[Black "Sjoberg, Mats"]
[Result "1-0"]
[WhiteElo "2364"]
[BlackElo "2352"]
[PlyCount "74"]
[EventDate "2000.06.10"]
[EventType "tourn"]
[EventRounds "9"]
[EventCountry "SWE"]
[EventCategory "4"]
[SourceTitle "CBM 076 Extra"]
[Source "ChessBase"]
[SourceDate "2000.07.11"]
[SourceVersion "1"]
[SourceVersionDate "2000.07.11"]
[SourceQuality "1"]

1. d4 Nf6 2. c4 e6 3. Nc3 Bb4 4. Bg5 h6 5. Bh4 b6 6. f3 Be7 7. Bf2 d5 8. e4 dxe4 9. fxe4 e5 10. dxe5 Qxd1+ 11. Rxd1 Ng4 12. Nd5 Bd8 13. Bd4 Nc6 14. Nf3 Nxd4 15. Rxd4 c6 16. h3 cxd5 17. hxg4 dxc4 18. g5 b5 19. gxh6 Rxh6 20. Rxh6 gxh6 21. Rd6 Be6 22. Nd4 Ba5+ 23. Ke2 Bc7 24. Ra6 Bg4+ 25. Ke1 Bxe5 26. Nxb5 Bg3+ 27. Kd2 Rd8+ 28. Ke3 Be6 29. Rxa7 Rd1 30. Be2 Rb1 31. Rb7 Be5 32. Nd4 c3 33. Bb5+ Kf8 34. bxc3 Bxa2 35. Bc6 Rc1 36. Ne2 Ra1 37. Bd5 Rh1 1-0